00727nam a2200181 a 450000100100000000500170001000800410002704000250006808200150009310000230010824500410013126000730017230000200024550400300026595201190029595201140041499900170052800003444920200930073715.0111004s1967 ag 000 0 spa d aDO-SdBNPbspacBNPHU axxxbR436n1 aRest, Jaime93410613aLa novela tradicional /cJaime Rest. aBuenos Aires, Argentina :bCentro Editor de América Latina,c1967. a58 p. ;c20 cm. aBibliografía : p. 52-58 001054708MOaGRbGRcCTd2011-10-04iLF1l0oxxx R436np34449-10r2020-06-25w2020-06-25y4ZPréstamo en sala 0010507-18MOaGRbGRcOId2011-10-04iLF1l0oxxx R436np34450-10r2020-06-25w2020-06-25y1ZNo se presta c33940d33940